Gustave Le Bon, Az igazságok élete.
Elmentve itt :
| Szerző: | |
|---|---|
| Adatforrás: | Philobibl |
| Forrásdokumentuma: | Társadalomtudomány 1921. évf., 279-283.p. p. |
| Dokumentumtípus: | Cikk |
| Nyelv: | magyar |
| LEADER | 00336nab a2200109 c 4500 | ||
|---|---|---|---|
| 001 | bibDOK00023421 | ||
| 005 | 20200924121737.8 | ||
| 008 | 060518s1921 hu hun | ||
| 100 | 1 | |a Kornis Gyula | |
| 245 | 1 | 0 | |a Gustave Le Bon, Az igazságok élete. |c Kornis Gyula |
| 500 | |a Ford. Benedek Marcell. | ||
| 773 | 0 | |t Társadalomtudomány |g 1921. évf., 279-283.p. p. | |